[Event "Unterfranken-ch H2 46th"]
[Site "Karlburg"]
[Date "1995.??.??"]
[Round "?"]
[White "Groetsch, Matthias"]
[Black "Karch, Oliver"]
[Result "0-1"]
[WhiteElo "1329"]
[BlackElo "1595"]
[PlyCount "90"]
[EventDate "1995.04.17"]
[EventType "swiss"]
[EventRounds "9"]
[EventCountry "GER"]
[SourceTitle "EXT 2015"]
[Source "ChessBase"]
[SourceDate "2014.11.20"]
[SourceVersion "1"]
[SourceVersionDate "2014.11.20"]
[SourceQuality "1"]

1. e4 e5 2. Nf3 Nc6 3. Bb5 a6 4. Ba4 Nf6 5. 0-0 Be7 6. Re1 b5 7. Bb3 0-0 8. a3 d6 9. d3 Bg4 10. Be3 Na5 11. Nbd2 c5 12. c4 Rb8 13. Rb1 Be6 14. Ng5 Bg4 15. Qc2 h6 16. Ngf3 Be6 17. Ba2 Ng4 18. b4 Nxe3 19. fxe3 cxb4 20. axb4 Nb7 21. Ra1 Rc8 22. d4 Bf6 23. d5 Bd7 24. Qd3 bxc4 25. Bxc4 a5 26. Ba6 Qb6 27. Bxb7 Qxb7 28. bxa5 Bb5 29. Reb1 Rc5 30. a6 Qxa6 31. Rxa6 Bxd3 32. Rbb6 Bxa6 33. Rxa6 Rd8 34. Kf2 Rc3 35. Ke2 Bg5 36. Nxg5 hxg5 37. Nf3 f6 38. h4 Rc2+ 39. Kf1 gxh4 40. Nxh4 Rb8 41. Kg1 g5 42. Nf5 Rd8 43. Rc6 Rxc6 44. dxc6 Kf8 45. Nxd6 Rxd6 0-1

[Event "Unterfranken-ch H2 46th"]
[Site "Karlburg"]
[Date "1995.??.??"]
[Round "?"]
[White "Wohlfart, Ulrich"]
[Black "Groetsch, Matthias"]
[Result "0-1"]
[WhiteElo "1559"]
[BlackElo "1329"]
[PlyCount "54"]
[EventDate "1995.04.17"]
[EventType "swiss"]
[EventRounds "9"]
[EventCountry "GER"]
[SourceTitle "EXT 2015"]
[Source "ChessBase"]
[SourceDate "2014.11.20"]
[SourceVersion "1"]
[SourceVersionDate "2014.11.20"]
[SourceQuality "1"]

1. e4 e5 2. Nf3 Nc6 3. d4 exd4 4. Nxd4 Bc5 5. Be3 Bb6 6. Bc4 Nf6 7. Nxc6 bxc6 8. Nc3 Bxe3 9. fxe3 0-0 10. Qf3 Qe7 11. 0-0-0 d5 12. exd5 Bg4 13. Qf4 Bxd1 14. Rxd1 cxd5 15. Nxd5 Nxd5 16. Rxd5 Rae8 17. Rd3 Qe5 18. Qf2 Qxh2 19. Rd7 Qh1+ 20. Kd2 Rd8 21. Bxf7+ Kh8 22. Qf5 Qxg2+ 23. Kd3 Rxd7+ 24. Qxd7 Qf1+ 25. Kc3 Qxf7 26. Qg4 Qf3 27. Qe6 Qf6+ 0-1

[Event "Unterfranken-ch HB 43th"]
[Site "Sailauf"]
[Date "1992.??.??"]
[Round "9"]
[White "Groetsch, Matthias"]
[Black "Dietrich, Walter"]
[Result "0-1"]
[WhiteElo "1150"]
[BlackElo "1567"]
[PlyCount "74"]
[EventDate "1992.04.20"]
[EventType "swiss"]
[EventRounds "9"]
[EventCountry "GER"]
[SourceTitle "EXT 2015"]
[Source "ChessBase"]
[SourceDate "2014.11.20"]
[SourceVersion "1"]
[SourceVersionDate "2014.11.20"]
[SourceQuality "1"]

1. e4 e6 2. d4 d5 3. e5 c5 4. c3 c4 5. Nf3 Be7 6. Be2 Qb6 7. 0-0 f6 8. h3 Nc6 9. Re1 fxe5 10. Nxe5 Nf6 11. b3 cxb3 12. axb3 0-0 13. Bf1 Ne4 14. Be3 Nxe5 15. dxe5 Qc7 16. Qd4 b6 17. c4 Bc5 18. Qb2 Bb7 19. f3 Bxe3+ 20. Rxe3 Qc5 21. Qc1 Ng3 22. Bd3 dxc4 23. bxc4 Rad8 24. Kh2 Rxd3 25. Rxd3 Qxe5 26. Qa3 Nh5+ 27. Kg1 Qe1+ 28. Kh2 Qg3+ 29. Kg1 Nf4 30. Rd2 Nxh3+ 31. Kf1 Rxf3+ 32. gxf3 Bxf3 33. Qe3 Bg2+ 34. Ke2 Nf4+ 35. Qxf4 Qxf4 36. Rxa7 Qf3+ 37. Ke1 Qf1# 0-1

[Event "Unterfranken-ch HB 43th"]
[Site "Sailauf"]
[Date "1992.??.??"]
[Round "1"]
[White "Groetsch, Matthias"]
[Black "Gauert, Rolf"]
[Result "0-1"]
[WhiteElo "1150"]
[BlackElo "1603"]
[PlyCount "110"]
[EventDate "1992.04.20"]
[EventType "swiss"]
[EventRounds "9"]
[EventCountry "GER"]
[SourceTitle "EXT 2015"]
[Source "ChessBase"]
[SourceDate "2014.11.20"]
[SourceVersion "1"]
[SourceVersionDate "2014.11.20"]
[SourceQuality "1"]

1. e4 g6 2. d4 Bg7 3. Nf3 d6 4. Nc3 h6 5. Bd2 Nd7 6. Bc4 e6 7. Qe2 a6 8. h3 Ne7 9. 0-0-0 b6 10. g4 Bb7 11. g5 h5 12. h4 0-0 13. a3 Nc6 14. d5 exd5 15. exd5 Nce5 16. Bf4 Re8 17. Rde1 Ng4 18. Qd2 Nde5 19. Nxe5 Nxe5 20. Bxe5 Bxe5 21. f4 Bg7 22. Rxe8+ Qxe8 23. Re1 Qd7 24. Bd3 Bxc3 25. Qxc3 Bxd5 26. Rf1 Be6 27. Qf6 Bf5 28. Bxf5 Qxf5 29. Qe7 Rc8 30. Qe2 b5 31. Qf3 d5 32. Qc3 c5 33. Qa5 Qe6 34. Re1 Qc6 35. Rf1 f6 36. Qd2 f5 37. Re1 Qd6 38. Re5 d4 39. Qe2 Kf7 40. Qe1 c4 41. Qe2 d3 42. cxd3 cxd3+ 43. Kd2 Rc2+ 44. Ke1 Rxe2+ 45. Rxe2 dxe2 46. Kxe2 Ke6 47. Ke3 Kd5 48. Kd3 Qc5 49. Ke2 Ke4 50. Kd2 Kf3 51. Kd3 Qc4+ 52. Kd2 Kf2 53. Kd1 Ke3 54. b3 Qc3 55. a4 Qd2# 0-1

[Event "Unterfranken-ch HB 43th"]
[Site "Sailauf"]
[Date "1992.??.??"]
[Round "5"]
[White "Groetsch, Matthias"]
[Black "Riedl, Matthias"]
[Result "0-1"]
[WhiteElo "1150"]
[BlackElo "1259"]
[PlyCount "85"]
[EventDate "1992.04.20"]
[EventType "swiss"]
[EventRounds "9"]
[EventCountry "GER"]
[SourceTitle "EXT 2015"]
[Source "ChessBase"]
[SourceDate "2014.11.20"]
[SourceVersion "1"]
[SourceVersionDate "2014.11.20"]
[SourceQuality "1"]

1. e4 g6 2. d4 Bg7 3. Be3 Nf6 4. Nd2 d6 5. Ngf3 Bg4 6. h3 Bd7 7. Bc4 Bc6 8. Bd3 b6 9. c3 Nbd7 10. Qc2 Bb7 11. 0-0 c5 12. Rfe1 0-0 13. a3 Qc7 14. Rab1 Rfe8 15. b4 cxb4 16. axb4 Rac8 17. Rb3 e6 18. Ra1 Ra8 19. Rba3 Rec8 20. b5 d5 21. e5 Ne8 22. Nb1 f6 23. exf6 Ndxf6 24. Rxa7 Rxa7 25. Rxa7 Nd6 26. Ra3 Qd7 27. Rb3 Nfe4 28. Bxe4 Nxe4 29. Bd2 Qf7 30. Be3 Rc7 31. Nbd2 Nd6 32. Qa2 Qe8 33. Qb2 Bc8 34. Bf4 Qe7 35. Bxd6 Qxd6 36. Nb1 Ra7 37. Ra3 Rxa3 38. Qxa3 Qd7 39. Nbd2 Qxb5 40. Qd6 Bf8 41. Qc7 Qa6 42. Ng5 Qb7 43. Qd6 0-1

[Event "Unterfranken-ch HB 43th"]
[Site "Sailauf"]
[Date "1992.??.??"]
[Round "3"]
[White "Lutz, Gerhard"]
[Black "Groetsch, Matthias"]
[Result "1-0"]
[WhiteElo "1622"]
[BlackElo "1150"]
[PlyCount "45"]
[EventDate "1992.04.20"]
[EventType "swiss"]
[EventRounds "9"]
[EventCountry "GER"]
[SourceTitle "EXT 2015"]
[Source "ChessBase"]
[SourceDate "2014.11.20"]
[SourceVersion "1"]
[SourceVersionDate "2014.11.20"]
[SourceQuality "1"]

1. e4 e6 2. d4 d5 3. exd5 exd5 4. c4 c5 5. Nf3 Bd6 6. cxd5 Ne7 7. Bc4 0-0 8. 0-0 Bg4 9. h3 Bxf3 10. Qxf3 cxd4 11. Nd2 Bc7 12. Nb3 Qd6 13. g3 Rd8 14. Bf4 Qd7 15. d6 Nbc6 16. dxc7 Re8 17. g4 Na5 18. Nxa5 Qa4 19. Nxb7 Qxc4 20. Nd6 Qxc7 21. Nxe8 Qd8 22. Nd6 Qb6 23. Qxa8+ 1-0